• 首页
  • 本馆介绍
  • 公告通知
  • 最新文献
  • 馆藏检索
  • 电子资源
  • 读者导购
  • 参考咨询
  • 我的图书馆
  • 登录
  • 详细信息显示
  • 放入我的书架
  • 预约/预借图书
  • 作者相关作品
  • 分类相关作品
  • 丛书相关作品
  • 出版社相关作品

书目信息

  • 表格格式
  • 工作单格式
  • 卡片格式
题名:
当代视角下的物联网农业灌溉系统
    
 
作者: 庞利民 , 叶永伟 著
分册:  
出版信息: 长春   吉林科学技术出版社  2020.04
页数: 157页
开本: 24cm
丛书名:
单 册:
中图分类: S274.2-39
科图分类:
主题词: 互联网络--hu lian wang lao--应用--农业灌溉--灌溉系统--研究 , 智能技术--zhi neng ji shu--应用--农业灌溉--灌溉系统--研究
电子资源:
ISBN: 978-7-5578-5713-4
000 01016nam0 2200253 450
001 0106081817
005 20201106082044.0
010    @a978-7-5578-5713-4@dCNY80.00
100    @a20200612d2020 em y0chiy50 ea
101 0  @achi
102    @aCN@b220000
105    @aab z 000yy
106    @ar
200 1  @a当代视角下的物联网农业灌溉系统@Adang dai shi jiao xia de wu lian wang nong ye guan gai xi tong@f庞利民, 叶永伟著
210    @a长春@c吉林科学技术出版社@d2020.04
215    @a157页@c图, 地图@d24cm
330    @a本书共分八章,内容包括:农业的未来与发展现状;喷灌工程技术;微灌工程技术;集雨节水灌溉工程技术;应急抗旱灌溉技术;其他节水灌溉工程技术;灌溉自动化;精准节水灌溉控制系统体系。
606 0  @a互联网络@Ahu lian wang lao@x应用@x农业灌溉@x灌溉系统@x研究
606 0  @a智能技术@Azhi neng ji shu@x应用@x农业灌溉@x灌溉系统@x研究
690    @aS274.2-39@v5
701  0 @a庞利民@Apang li min@4著
701  0 @a叶永伟@Aye yong wei@4著
801  0 @aCN@bBJSZM@c20201106
905    @b1192056-9@dS274.2-39@e61@f4
    
    当代视角下的物联网农业灌溉系统/庞利民, 叶永伟著.-长春:吉林科学技术出版社,2020.04
    157页:图, 地图;24cm
    
    
    ISBN 978-7-5578-5713-4:CNY80.00
    本书共分八章,内容包括:农业的未来与发展现状;喷灌工程技术;微灌工程技术;集雨节水灌溉工程技术;应急抗旱灌溉技术;其他节水灌溉工程技术;灌溉自动化;精准节水灌溉控制系统体系。
●
相关链接 在E读中查询图书 在五车中查询图书 在当当中查询图书 在豆瓣中查询图书


正题名:当代视角下的物联网农业灌溉系统     索取号:S274.2-39/61         预约/预借

序号 登录号 条形码 馆藏地/架位号 状态 备注
1 1192056   211920563   第二样本阅览室/ [索取号:S274.2-39/61] 在馆    
2 1192057   211920572   第三借阅区/ [索取号:S274.2-39/61] 在馆    
3 1192058   211920581   第三借阅区/ [索取号:S274.2-39/61] 在馆    
4 1192059   211920590   第三借阅区/ [索取号:S274.2-39/61] 在馆    
唐山师范学院图书馆 欢迎您!
大连网信软件有限公司© 版权所有